000 00874nam a2200229 a 4500
001 BRCA_36
005 20190320202844.0
008 921015s2010####sp-a#####b---#001-0#spa-#
020 _a9788479475826
041 _aspa
044 _asp
050 4 _aNK7162
_b.A78 2010
245 1 0 _aArte, devoción y fortuna
_bplatería americana en las Canarias Occidentales
_ctextos Jesús Pérez Morera.
260 _aTenerife, España
_bLitografía A. Romero S.L.
_c2010
300 _a71 p.
_bil. a color
_c25 cm.
500 _aCatálogo de la exposición realizada en el Exconvento de Santo Domingo (San Cristóbal de la Laguna), 17 diciembre, 2010 - 27 febrero, 2011
504 _aIncluye referencias bibliográficas
650 1 4 _aTrabajos en plata
_zEspaña
_9167
650 1 4 _aPlatería americana
_zCanarias occidentales
_9168
710 2 _aPérez Morera, Jesús
_9169
942 _2lcc
_cB
999 _c36
_d36